Experience, caste, and the everyday social / (Record no. 170055)

MARC details
000 -LEADER
fixed length control field 00669nam a22002057a 4500
005 - DATE AND TIME OF LATEST TRANSACTION
control field 20191210150940.0
010 ## - LCCN (DPL NO)
LC control number ENG-127058
020 ## - INTERNATIONAL STANDARD BOOK NUMBER
Terms of availability 1100.00
International Standard Book Number 9780199496051
035 ## - SYSTEM CONTROL NUMBER
System control number EN-110590
037 ## - SOURCE OF ACQUISITION
Source of stock number/acquisition DBAD/PUB
082 ## - DEWEY DECIMAL CLASSIFICATION NUMBER
Classification number 305
100 ## - MAIN ENTRY--PERSONAL NAME
Personal name Gopal Guru
245 ## - TITLE STATEMENT
Title Experience, caste, and the everyday social /
Statement of responsibility, etc by Gopal Guru [and] Sundar Sarukkai
260 ## - PUBLICATION, DISTRIBUTION, ETC. (IMPRINT)
Place of publication, distribution, etc New Delhi
Name of publisher, distributor, etc Oxford University Press
Date of publication, distribution, etc 2019
270 ## - ADDRESS
Address 22 Workspace, 2nd Floor, 1/22 Asaf Ali Road
City New Delhi
Postal code 110002
300 ## - PHYSICAL DESCRIPTION
Extent ix;211p.
Dimensions 22cm(Hb)
500 ## - GENERAL NOTE
General note Includes bibliographical references and index
700 ## - ADDED ENTRY--PERSONAL NAME
Personal name Sarukkai, Sundar
942 ## - ADDED ENTRY ELEMENTS (KOHA)
Source of classification or shelving scheme Dewey Decimal Classification
Item type English Books
Classification part 305
Call number suffix GOP
Holdings
Withdrawn status Lost status Not for loan Collection code Home library Current library Date acquired Source of acquisition Cost, normal purchase price Full call number Barcode Copy number Cost, replacement price Koha item type
      Non-fiction Bawana Bawana 10/12/2019 DBAD/PUB 1100.00 305 GOP EN-110590 1 1100.00 English Books

© Delhi Public Library
Hit Counter
free hit counter